000 00656nam a2200241 a 4500
001 52047
003 BD-RjUL
005 20211209075739.0
008 160905s1957 enka 001 0 eng
035 _a(BD-RjUL)52167
040 _aDLC
_cODaWU
_dOCoLC
_dBD-RjUL
_beng
041 _aeng
082 _a520
_223
_bSII 1957
100 1 0 _aSidgwick, J. B.
_9155655
245 1 0 _aIntroducing astronomy /
_cJ. B. Sidgwick
260 _aLondon :
_bFaber and Faber,
_c1957
300 _a259 p. :
_bill. ;
_c21 cm.
500 _aInclude index
650 0 _aAstronomy.
_9155656
650 0 _aConstellations.
_9155657
942 _2ddc
_cBK
999 _c52047
_d52047